Windows 95 : Microsoft's 32-Bit Merger of DOS and Windows

Αποθηκεύτηκε σε:
Λεπτομέρειες βιβλιογραφικής εγγραφής
Κύριος συγγραφέας: Bermant, Charles
Μορφή: Βιβλίο
Γλώσσα:English
Δημοσίευση: South Carolina : Computer Technology Research Copr., 1995
Θέματα:
Ετικέτες: Προσθήκη ετικέτας
Δεν υπάρχουν, Καταχωρήστε ετικέτα πρώτοι!

MARC

LEADER 00000nam a2200000 i 4500
001 1/34939
008 960920s1995 eng d
020 |a 1566070457 
035 |l 10024214 
040 |a GR-MY-UA  |b gre  |e aacr 
041 0 |a eng 
082 0 |a 005.4469 
100 1 |a Bermant, Charles. 
245 1 0 |a Windows 95 :  |b Microsoft's 32-Bit Merger of DOS and Windows /  |c Charles Bermant 
260 |a South Carolina :   |b Computer Technology Research Copr.,   |c 1995 
650 0 0 |a Operating systems (Computers) 
852 |a INST  |b CHIOS  |e 19960920  |h 005.4469 BER  |p 005200011696  |q 005200011696  |t BK  |y 620 
909 |a Χ  |b 046545